| 000 | 00879nas a2200277 4500 | ||
|---|---|---|---|
| 001 | BR0204583 | ||
| 003 | BR-BrBNA | ||
| 005 | 20231205103229.0 | ||
| 007 | ta | ||
| 008 | 230509b bl.|||p| |||| 00| 00por d | ||
| 040 |
_aBR-BrBNA _bpor _cBiblioteca Nacional de Agricultura |
||
| 041 | _a(Pt) | ||
| 072 | _aK50 | ||
| 100 | 1 | _aGonçalez, J.C. | |
| 100 | 1 | _aGonçalves, D.M. | |
| 245 | 1 | _aValorização de duas espécies de madeira Cedrelinga catenaeformis e Enterolobium shomburgkii para a indústria madeireira | |
| 650 | _aTIMBAÚVA | ||
| 650 | _aCEDRORANA | ||
| 650 | _aMADEIRA | ||
| 650 | _aINDÚSTRIA FLORESTAL | ||
| 650 | _aPROPRIEDADE FÍSICO-QUÍMICA | ||
| 650 | _aPROPRIEDADE MECÂNICA | ||
| 773 | 0 |
_tBrasil Florestal (Brazil) _xISSN 0045-270X _g(Jun 2001), v. 20(70) p. 69-74 _wBR0204583 |
|
| 909 |
_a202311 _bLúcia _c55 _dLúcia Elande |
||
| 942 |
_2AGRIS _n0 _cANA |
||
| 999 |
_c171782 _d171782 |
||